|
|
|
|
| LEADER |
00000nam a2200000 a 4500 |
| 001 |
vtls008767581 |
| 003 |
SK-MaSNL |
| 005 |
20260302075138.0 |
| 008 |
240318s2006 xr g 000 0 cze |
| 020 |
|
|
|a 8072547038
|q (viaz.)
|
| 040 |
|
|
|a SNK
|b slo
|c SNK
|e AACR2
|
| 041 |
1 |
|
|a cze
|h ger
|
| 044 |
|
|
|a xr
|c CZ
|
| 072 |
|
7 |
|a 930.85
|x Dejiny civilizácie. Kultúrne dejiny
|2 konspekt
|
| 080 |
|
|
|a 930.85
|2 2001
|
| 080 |
|
|
|a 94"15/19"
|2 2001
|
| 080 |
|
|
|a (048.8)
|2 2001
|
| 100 |
1 |
|
|a Friedell, Egon,
|d 1878-1938
|4 aut
|9 644599
|
| 240 |
1 |
0 |
|a Kulturgeschichte der Neuzeit
|l Česky
|
| 245 |
1 |
0 |
|a Kulturní dějiny novověku II
|b krize evropské duše od černé smrti po první světovou válku
|c Egon Friedell ; [z něm. orig. přeložil Jan Hlavička]
|
| 246 |
3 |
0 |
|a Krize evropské duše od černé smrti po první světovou válku
|
| 250 |
|
|
|a Vyd. 1.
|
| 260 |
|
|
|a V Praze
|b Triton
|c 2006
|
| 300 |
|
|
|a 419 s.
|c 24 cm
|
| 648 |
|
7 |
|a 14.-20. stor.
|2 SNKPH
|9 286618
|
| 650 |
0 |
7 |
|a kultúrne dejiny
|2 SNKPH
|9 4307
|
| 650 |
0 |
7 |
|a novovek
|2 SNKPH
|9 4260
|
| 655 |
|
7 |
|a monografie
|2 SNKPH
|9 70139
|
| 700 |
1 |
|
|a Hlavička, Jan,
|d 1951-
|4 trl
|9 110985
|
| 919 |
|
|
|a 80-7254-703-8
|
| 999 |
|
|
|c 1168076
|d 1170006
|
| 952 |
|
|
|t snkFRI/2 930.85
|a SNKUST
|b SNKUST
|y PREZ
|7 0
|p 17A0508742
|o snkIC 133409/2
|i snk2006/11387
|8 4
|g 26.59
|0 0
|1 0
|4 0
|d 2006-05-30
|l 0
|r 2025-03-20 00:00:00
|w 2026-02-24
|